MAASAI MARA UNIVERSITY

LIBRARY CATALOGUE

Contact Us: +254 020 2685356/7 or 0774 057787

Box: 861-20500, NAROK, KENYA

Email: info@mmarau.ac.ke

Namwamba,Tom N. (Record no. 706)

MARC details
000 -LEADER
fixed length control field 00432nam a2200145Ia 4500
008 - FIXED-LENGTH DATA ELEMENTS--GENERAL INFORMATION
fixed length control field 151015s9999 xx 000 0 und d
020 ## - INTERNATIONAL STANDARD BOOK NUMBER
International Standard Book Number 7968468017
050 ## - LIBRARY OF CONGRESS CALL NUMBER
Classification number LB1062.N295 2007
245 ## - TITLE STATEMENT
Title Namwamba,Tom N.
250 ## - EDITION STATEMENT
Edition statement _Elements Pedagogy of critical thinking Tom N. Namwambah
300 ## - PHYSICAL DESCRIPTION
Extent Nirobi Dale publishers 2007
500 ## - GENERAL NOTE
General note Includes reference.
650 ## - SUBJECT ADDED ENTRY--TOPICAL TERM
Topical term or geographic name as entry element _Critical thinking
700 ## - ADDED ENTRY--PERSONAL NAME
Personal name ^d20110114 12:18:33^oanne

No items available.

© 2016 Maasai Mara University.